Quidditch countries Quiz Stats

 Plays Quiz not verified by Sporcle

Score 0/19 Timer 05:00
0 Plays Today
country % Correct
United Kingdom
93.5%
Bulgaria
81.5%
United States
81.5%
France
78.3%
Germany
70.7%
Japan
69.6%
Australia
65.2%
Canada
64.1%
Portugal
51.1%
Norway
45.7%
country % Correct
Poland
43.5%
New Zealand
35.9%
Peru
30.4%
Luxembourg
26.1%
Uganda
21.7%
Lithuania
17.4%
Ethiopia
9.8%
Tanzania
7.6%
Togo
7.6%

You're not logged in!

Compare scores with friends on all Sporcle quizzes.
OR
Log In

Sporcle TV

Today on Sporcle TV


Watch our educational content, quiz creation guides, and fun videos on Sporcle TV.

Show Comments

Extras

Top Quizzes Today


Score Distribution

Your Account Isn't Verified!

In order to create a playlist on Sporcle, you need to verify the email address you used during registration. Go to your Sporcle Settings to finish the process.

Report this User

Report this user for behavior that violates our Community Guidelines.

Details: